000
00230 a2200097 4500
001
48501
100
_a
Bernardo, J.V
245
_a
Nation and space in the modern world
260
_a
New York
_b
E.P dutton
_c
090
_c
31437
_d
31437
942
_a
NUST-CAE
_c
M
_c
23822
999
_c
283574
_d
283574